000 00469pab a2200169 454500
008 180718b2010 xxu||||| |||| 00| 0 eng d
100 _aParrado, Salvador
245 _aThe role of Spanish central government in a multi-level state
260 _c2010
300 _ap.469-488.
362 _aSep
650 _aCentral government - Spain
650 _aCentral government
773 _aInternational Review of Administrative Sciences
908 _aN
909 _a89315
999 _c89315
_d89315